000 00276nam a22001337a 4500
008 180202b xxu||||| |||| 00| 0 eng d
020 _a9780495563396
041 _aeng
080 _a51
100 _a36
101 _aMAT
245 _aCalculus
_cStewart,J
942 _2udc
_cBK
999 _c41687
_d41687